000
00328 a2200157 4500
001
163783
020
_a
978-85-329-0159-0
040
_c
Magnum
100
_a
Viana, Vivina de Assis
240
1
0
_a
Eu sou isso
_l
por
245
1
0
_a
Eu sou isso
300
_a
11
362
0
_a
1985
697
_a
LITERATURA INFANTIL
942
_c
BK
999
_c
163783
_d
163783